000 00574cam a2200217 a 4500
001 2860910
005 20180119082457.0
008 851016s1986 pau b 001 0 eng
010 _a 85026397
020 _a0664219071
040 _aDLC
_cDLC
_dDLC
041 _aeng
080 _a220.6 KUG
082 0 0 _a220.6 KUG
_219
100 1 _a24
101 _aTEO
245 1 0 _aEarly biblical interpretation /
_cJames L. Kugel and Rowan A. Greer.
504 _aIncludes bibliographies and index.
906 _a7
_bcbc
_corignew
_d1
_eocip
_f19
_gy-gencatlg
942 _2ddc
_cBK
999 _c40609
_d40609